header

Pregnancy metabolism, diabetes, and the fetus (Record no. 78153)

MARC details
000 -LEADER
fixed length control field 01585nam a2200397 a 4500
082 04 - DEWEY DECIMAL CLASSIFICATION NUMBER
Classification number 612.6/3
245 10 - TITLE STATEMENT
Title Pregnancy metabolism, diabetes, and the fetus
260 ## - PUBLICATION, DISTRIBUTION, ETC. (IMPRINT)
Place of publication Amsterdam ;
-- New York :
Name of publisher Excerpta Medica,
Year of publication 1979.
300 ## - PHYSICAL DESCRIPTION
Number of Pages viii, 326 p. :
Other physical details ill.
490 1# - SERIES STATEMENT
Series statement Ciba Foundation symposium ;
650 #0 - SUBJECT ADDED ENTRY--TOPICAL TERM
Topical Term Pregnancy
Topical Term Maternal-fetal exchange
Topical Term Metabolism in pregnancy
Topical Term Diabetes in pregnancy
856 40 - ELECTRONIC LOCATION AND ACCESS
Uniform Resource Identifier http://site.ebrary.com/lib/rucke/Doc?id=10575500

No items available.

© 2026 Rongo University
Contact us: librarian | system librarian | Rongo university